| 000 | 00000nam##2200000za#4500 |
| 001 | 9.576189 |
| 003 | CaOODSP |
| 005 | 20210624185025 |
| 007 | cr ||||||||||| |
| 008 | 150406|1980||||xxc|||||o f|0| 0 eng|d |
| 040 | |aCaOODSP|beng |
| 043 | |an-cn--- |
| 086 | 1 |aFs97-13/218E-PDF |
| 110 | 1 |aCanada. |bDepartment of Fisheries and Oceans. |
| 245 | 10|aCatches and trawl locations of M/V Blue Waters during rockfish exploration and assessment cruises to the west coast of the Queen Charlotte Islands and the northwest coast of Vancouver Island in 1978 / |h[electronic resource]|cby D.A. Nagtegaal, G.A. Thomas and B.M. Leaman. |
| 260 | |aNanaimo - British Columbia : |bFisheries and Oceans Canada |c1980. |
| 300 | |a110p.|breferences, tables |
| 490 | 1 |aCanadian data report of fisheries and aquatic sciences|vNo. 218 |
| 500 | |aOn t.p.: West Vancouver Laboratory, West Vancouver, British Columbia. Catalogue number of the print edition appears in the PDF version. |
| 546 | |a(Résumé en français) |
| 590 | |a13-09-Supp|b2013-04-04 |
| 830 | #0|aCanadian data report of fisheries and aquatic sciences ;|vNo. 218|w(CaOODSP)9.505124 |
| 856 | 40|ahttp://publications.gc.ca|qPDF|s1922 KB|uhttps://publications.gc.ca/collections/collection_2013/mpo-dfo/Fs97-13-218-eng.pdf|yNo. 218 |